[Event "SVK-chT4 A21 1819"]
[Site "Slovakia"]
[Date "2019.01.20"]
[Round "7.2"]
[White "Blatnicky, Miroslav"]
[Black "Vepy, Ivan"]
[Result "1-0"]
[WhiteElo "2096"]
[BlackElo "1868"]
[PlyCount "69"]
[EventDate "2018.10.14"]
[EventType "team-tourn"]
[EventRounds "11"]
[EventCountry "SVK"]
[SourceTitle "CBM 189 Extra"]
[Source "ChessBase"]
[SourceDate "2019.06.03"]
[SourceVersion "1"]
[SourceVersionDate "2019.06.03"]
[SourceQuality "1"]
[WhiteTeam "Vrbove"]
[BlackTeam "Skalica III"]
[WhiteTeamCountry "SVK"]
[BlackTeamCountry "SVK"]

1. d4 Nf6 2. c4 e6 3. Nf3 b6 4. Bg5 Be7 5. e3 0-0 6. Nbd2 d5 7. Rc1 Nbd7 8. cxd5 Nxd5 9. Bxe7 Nxe7 10. Bb5 Bb7 11. Qa4 Nf6 12. Ba6 Qc8 13. Bxb7 Qxb7 14. 0-0 Rac8 15. b4 h6 16. Ne5 Rfd8 17. b5 Ra8 18. Qc4 Ne8 19. Nc6 Rd7 20. Nf3 Ng6 21. Nfe5 Nxe5 22. dxe5 a6 23. a4 g6 24. Rfd1 Rxd1+ 25. Rxd1 axb5 26. axb5 Ng7 27. h3 Rf8 28. Rd7 h5 29. Qf4 Qa8 30. Qf6 Ne8 31. Ne7+ Kh7 32. Qg5 Ng7 33. Nc6 Kg8 34. g4 Kh7 35. Qf6 1-0

[Event "SVK-chT4 A21 1819"]
[Site "Slovakia"]
[Date "2018.10.28"]
[Round "2.3"]
[White "Blatnicky, Miroslav"]
[Black "Oruzinsky, Juraj"]
[Result "1-0"]
[WhiteElo "2096"]
[BlackElo "1266"]
[PlyCount "71"]
[EventDate "2018.10.14"]
[EventType "team-tourn"]
[EventRounds "11"]
[EventCountry "SVK"]
[SourceTitle "CBM 189 Extra"]
[Source "ChessBase"]
[SourceDate "2019.06.03"]
[SourceVersion "1"]
[SourceVersionDate "2019.06.03"]
[SourceQuality "1"]
[WhiteTeam "Vrbove"]
[BlackTeam "Vrbove II"]
[WhiteTeamCountry "SVK"]
[BlackTeamCountry "SVK"]

1. e4 e5 2. Nf3 d6 3. d4 Nc6 4. Bc4 Nf6 5. dxe5 Nxe5 6. Nxe5 dxe5 7. Bxf7+ Ke7 8. Qxd8+ Kxd8 9. Bg5 Be7 10. Bxf6 Bxf6 11. Nc3 Bd7 12. 0-0-0 Ke7 13. Bd5 Bc6 14. Bxc6 bxc6 15. Rd3 Rhd8 16. Rhd1 Bg5+ 17. Kb1 Bf4 18. g3 Bh6 19. Na4 g5 20. g4 Rxd3 21. Rxd3 Rd8 22. Rxd8 Kxd8 23. c3 Bf8 24. a3 c5 25. c4 Kd7 26. Kc2 Kc6 27. Kb3 Be7 28. Nc3 Bd6 29. Ka4 Kb6 30. Nd5+ Ka6 31. Nf6 c6 32. Ne8 Be7 33. Nc7+ Kb6 34. Ne6 Bf6 35. Nf8 Be7 36. Nd7+ 1-0

[Event "SVK-chT3A2 1718"]
[Site "Slovakia"]
[Date "2017.12.17"]
[Round "6.6"]
[White "Blatnicky, Miroslav"]
[Black "Pagerka, Martin"]
[Result "1/2-1/2"]
[WhiteElo "2113"]
[BlackElo "2339"]
[PlyCount "126"]
[EventDate "2017.10.08"]
[EventType "team-tourn"]
[EventRounds "11"]
[EventCountry "SVK"]
[SourceTitle "EXT 2020"]
[Source "ChessBase"]
[SourceDate "2019.10.17"]
[SourceVersion "1"]
[SourceVersionDate "2019.10.17"]
[SourceQuality "1"]
[WhiteTeam "Vrbove"]
[BlackTeam "Senica SK"]
[WhiteTeamCountry "SVK"]
[BlackTeamCountry "SVK"]

1. d4 Nf6 2. c4 e6 3. Nc3 d5 4. Nf3 Be7 5. Bg5 0-0 6. e3 b6 7. cxd5 Nxd5 8. Nxd5 exd5 9. Bxe7 Qxe7 10. Qc2 Bb7 11. Rc1 Nd7 12. Bd3 g6 13. 0-0 c5 14. Bb5 c4 15. Qa4 Nf6 16. Ba6 Ne4 17. Rfd1 f6 18. Nd2 Nd6 19. b3 Bxa6 20. Qxa6 cxb3 21. axb3 Rfc8 22. h3 Qb7 23. Qe2 a5 24. Qg4 f5 25. Qf4 Nb5 26. Nb1 Qe7 27. Qf3 Qe4 28. Qe2 Rxc1 29. Rxc1 Nxd4 30. Qb2 Nb5 31. Qf6 d4 32. Qxb6 dxe3 33. Qxb5 exf2+ 34. Kf1 a4 35. Qc4+ Qxc4+ 36. bxc4 a3 37. Nd2 a2 38. Ra1 Ra3 39. Kxf2 Kf7 40. Nf3 Ke6 41. Ke2 Kd6 42. Kd1 Kc5 43. Nd2 Kb4 44. Kc2 Rc3+ 45. Kb2 Rg3 46. Rxa2 Rxg2 47. Kc2 Rg3 48. Rb2+ Kc5 49. Rb3 Rg2 50. Rb7 h5 51. Rd7 h4 52. Kc3 Rg3+ 53. Rd3 Rg1 54. Nb3+ Kc6 55. Nd4+ Kc5 56. Ne6+ Kc6 57. Kd4 g5 58. Ke5 g4 59. Kxf5 gxh3 60. Rxh3 Rf1+ 61. Kg6 Kd6 62. Re3 h3 63. c5+ Kd5 1/2-1/2

[Event "SVK-chT3A2 1718"]
[Site "Slovakia"]
[Date "2017.11.05"]
[Round "3.2"]
[White "Blatnicky, Miroslav"]
[Black "Takacs, Laszlo"]
[Result "0-1"]
[WhiteElo "2113"]
[BlackElo "2240"]
[PlyCount "114"]
[EventDate "2017.10.08"]
[EventType "team-tourn"]
[EventRounds "11"]
[EventCountry "SVK"]
[SourceTitle "EXT 2020"]
[Source "ChessBase"]
[SourceDate "2019.10.17"]
[SourceVersion "1"]
[SourceVersionDate "2019.10.17"]
[SourceQuality "1"]
[WhiteTeam "Vrbove"]
[BlackTeam "Dunajska Streda II"]
[WhiteTeamCountry "SVK"]
[BlackTeamCountry "SVK"]

1. e4 c5 2. Nf3 e6 3. Nc3 a6 4. a3 Nc6 5. d4 cxd4 6. Nxd4 Qc7 7. Be2 Nf6 8. 0-0 Be7 9. Kh1 0-0 10. f4 d6 11. Rf3 b5 12. Nxc6 Qxc6 13. Rg3 Bb7 14. Bf3 Qc4 15. Qd3 Nd7 16. Be3 Rac8 17. Rd1 Rfd8 18. Rh3 Qxd3 19. cxd3 Bf6 20. d4 Nb6 21. e5 Bxf3 22. gxf3 Be7 23. Rg1 d5 24. Rhg3 g6 25. Nd1 Rc6 26. R3g2 Bf8 27. h3 Nc8 28. Bd2 Ne7 29. Ne3 h5 30. Bb4 Kh7 31. Bc5 Rd7 32. Kh2 Bh6 33. Kg3 h4+ 34. Kg4 Nf5 35. Re1 Rd8 36. Nxf5 exf5+ 37. Kxh4 Bxf4 38. Rg4 fxg4 39. Kxg4 Bh6 40. f4 Bf8 41. b4 Bxc5 42. bxc5 a5 43. h4 b4 44. axb4 axb4 45. Rb1 Rb8 46. Rb3 Ra6 47. f5 Ra3 48. Rb1 Rd3 49. Kg5 gxf5 50. Kf6 Rxd4 51. Kxf7 Rc4 52. e6 Rxc5 53. Rg1 Kh6 54. e7 Rc7 55. Rg6+ Kh5 56. Rf6 b3 57. Rxf5+ Kxh4 0-1

[Event "SVK-chT4 A21 1617"]
[Site "Slovakia"]
[Date "2016.11.20"]
[Round "4.1"]
[White "Blatnicky, Miroslav"]
[Black "Spacek, Oliver"]
[Result "1-0"]
[WhiteElo "2107"]
[BlackElo "2172"]
[PlyCount "73"]
[EventDate "2016.10.09"]
[EventType "team-tourn"]
[EventRounds "11"]
[EventCountry "SVK"]
[SourceTitle "EXT 2018"]
[Source "ChessBase"]
[SourceDate "2017.10.13"]
[SourceVersion "1"]
[SourceVersionDate "2017.10.13"]
[SourceQuality "1"]
[WhiteTeam "Vrbove"]
[BlackTeam "Senica CVC II"]
[WhiteTeamCountry "SVK"]
[BlackTeamCountry "SVK"]

1. e4 c5 2. Nf3 e6 3. Nc3 a6 4. d4 cxd4 5. Nxd4 b5 6. Be2 Bb7 7. Bf3 Be7 8. 0-0 Qc7 9. Re1 Nc6 10. Nxc6 dxc6 11. Qd4 e5 12. Qd3 Nf6 13. Bg5 0-0 14. Rad1 a5 15. Bxf6 Bxf6 16. Qd6 Qc8 17. Qd7 Qb8 18. Ne2 Rd8 19. Qh3 Qc7 20. Ng3 g6 21. Nf1 h5 22. g4 Rxd1 23. Rxd1 Bc8 24. Qg2 hxg4 25. Bxg4 Kf8 26. Rd3 Bxg4 27. Qxg4 Ke7 28. Ne3 Rh8 29. Qe2 Bg5 30. Ng2 Qc8 31. Qe1 Bf4 32. Nxf4 exf4 33. Qc3 Rh5 34. h3 Qe6 35. Qxa5 Qxe4 36. Qd8+ Ke6 37. Rd6+ 1-0

[Event "SVK-chT3A2 1516"]
[Site "Slovakia"]
[Date "2016.01.31"]
[Round "7.3"]
[White "Gasa, Andrej"]
[Black "Blatnicky, Miroslav"]
[Result "1/2-1/2"]
[WhiteElo "2327"]
[BlackElo "2089"]
[PlyCount "111"]
[EventDate "2015.10.11"]
[EventType "team-tourn"]
[EventRounds "11"]
[EventCountry "SVK"]
[SourceTitle "EXT 2020"]
[Source "ChessBase"]
[SourceDate "2019.10.17"]
[SourceVersion "1"]
[SourceVersionDate "2019.10.17"]
[SourceQuality "1"]
[WhiteTeam "Senica SK"]
[BlackTeam "Vrbove"]
[WhiteTeamCountry "SVK"]
[BlackTeamCountry "SVK"]

1. e4 c6 2. d4 d5 3. Nc3 dxe4 4. Nxe4 Bf5 5. Ng3 Bg6 6. Nh3 Nd7 7. Be2 e5 8. c3 exd4 9. Qxd4 Ngf6 10. 0-0 Bc5 11. Qc4 0-0 12. Nf4 Re8 13. Nxg6 hxg6 14. Bg5 Qb6 15. b4 Bd6 16. Bd1 Nd5 17. Qb3 Be5 18. Rc1 Bf4 19. Bxf4 Nxf4 20. Bf3 Ne5 21. Be4 Ned3 22. Rcd1 Rxe4 23. Rxd3 Nxd3 24. Nxe4 Re8 25. Nd6 Re6 26. Nc4 Qb5 27. g3 Qd5 28. Nd2 Qf5 29. Qd1 Re1 30. Qf3 Rxf1+ 31. Kxf1 Qh3+ 32. Qg2 Qh6 33. f4 Qh5 34. Qe2 Qd5 35. Qe8+ Kh7 36. Qe4 Nxb4 37. Qxd5 Nxd5 38. c4 Nb4 39. a3 Nc2 40. a4 Nd4 41. Kf2 f5 42. Ke3 c5 43. Nb1 Nc2+ 44. Kd2 Nb4 45. Nc3 a6 46. Nd5 Nc6 47. Nb6 Nd4 48. Nd7 Ne6 49. Ke3 Kh6 50. h4 Kh5 51. Kf2 a5 52. Kg2 Kh6 53. Kf2 Kh7 54. Ke3 Kg8 55. Ne5 Kh7 56. Nd7 1/2-1/2

[Event "SVK-chT3A2 1516"]
[Site "Slovakia"]
[Date "2015.11.29"]
[Round "4.6"]
[White "Blatnicky, Miroslav"]
[Black "Abel, Peter"]
[Result "1-0"]
[WhiteElo "2089"]
[BlackElo "2208"]
[PlyCount "155"]
[EventDate "2015.10.11"]
[EventType "team-tourn"]
[EventRounds "11"]
[EventCountry "SVK"]
[SourceTitle "EXT 2020"]
[Source "ChessBase"]
[SourceDate "2019.10.17"]
[SourceVersion "1"]
[SourceVersionDate "2019.10.17"]
[SourceQuality "1"]
[WhiteTeam "Vrbove"]
[BlackTeam "Piestany Kupele"]
[WhiteTeamCountry "SVK"]
[BlackTeamCountry "SVK"]

1. d4 Nf6 2. c4 c5 3. d5 e5 4. Nc3 d6 5. e4 Be7 6. Be2 Nbd7 7. f4 exf4 8. Bxf4 0-0 9. Nf3 a6 10. 0-0 Nh5 11. Bd2 g6 12. Qc2 Bf6 13. Rae1 Qe7 14. Nd1 Ne5 15. Nxe5 Bxe5 16. Bxh5 Qh4 17. g3 Qxh5 18. Bc3 Bd7 19. Bxe5 Qxe5 20. Qc3 Qxc3 21. Nxc3 f6 22. e5 Bh3 23. Rxf6 dxe5 24. Rxf8+ Rxf8 25. Ne4 b6 26. Nf2 Bf5 27. Rxe5 Bb1 28. a3 Ba2 29. Re4 b5 30. cxb5 axb5 31. Re5 Rd8 32. Ne4 Kg7 33. d6 Bb1 34. Nc3 Rxd6 35. Rxc5 b4 36. axb4 Bf5 37. Rd5 Rf6 38. h4 h6 39. b5 Bg4 40. Rd3 Bh3 41. Re3 Rd6 42. Kf2 Bg4 43. Ne4 Rd4 44. Nc5 Rd2+ 45. Kf1 Rd1+ 46. Re1 Bh3+ 47. Kf2 Rd2+ 48. Re2 Rd5 49. Rc2 Bf5 50. Rc3 Rd2+ 51. Ke3 Rxb2 52. Rb3 Rg2 53. Kf3 Rc2 54. b6 Rxc5 55. b7 Be6 56. b8Q Rf5+ 57. Ke3 Bxb3 58. Qxb3 h5 59. Qc4 Rf7 60. g4 hxg4 61. Qxg4 Rf5 62. Qd4+ Kf7 63. Qd7+ Kf6 64. Qh7 Rh5 65. Qg8 Rf5 66. Ke4 Rh5 67. Qf8+ Ke6 68. Qg7 Rxh4+ 69. Kf3 Kf5 70. Kg3 Rh5 71. Qf7+ Ke5 72. Qxg6 Rf5 73. Qc6 Kd4 74. Kg4 Rd5 75. Kf4 Re5 76. Qd6+ Rd5 77. Qb4+ Kd3 78. Qe4+ 1-0

[Event "SVK-chT4A21 1314"]
[Site "Slovakia"]
[Date "2014.01.12"]
[Round "6.1"]
[White "Gasa, Patrik"]
[Black "Blatnicky, Miroslav"]
[Result "1/2-1/2"]
[WhiteElo "1956"]
[BlackElo "2089"]
[PlyCount "86"]
[EventDate "2013.10.06"]
[EventType "team-tourn"]
[EventRounds "11"]
[EventCountry "SVK"]
[SourceTitle "EXT 2022"]
[Source "ChessBase"]
[SourceDate "2021.10.06"]
[SourceVersion "1"]
[SourceVersionDate "2021.10.06"]
[SourceQuality "1"]
[WhiteTeam "Senica CVC II"]
[BlackTeam "Vrbove II"]
[WhiteTeamCountry "SVK"]
[BlackTeamCountry "SVK"]

1. d4 d5 2. c4 e6 3. Nf3 Nf6 4. Nc3 c6 5. Bg5 Nbd7 6. e3 Bb4 7. Qb3 Qa5 8. a3 Bxc3+ 9. Qxc3 Qxc3+ 10. bxc3 Ne4 11. Rc1 f6 12. Bf4 g5 13. Bg3 Nb6 14. cxd5 exd5 15. Nd2 Bf5 16. f3 Nxd2 17. Kxd2 h5 18. c4 h4 19. Bf2 dxc4 20. Bxc4 Nxc4+ 21. Rxc4 0-0-0 22. e4 Be6 23. Rb4 b6 24. Rc1 Kb7 25. Ke2 Rhe8 26. g3 hxg3 27. hxg3 Rh8 28. Rbb1 Rh2 29. Rh1 Rdh8 30. Rxh2 Rxh2 31. g4 Bc4+ 32. Ke3 Rh3 33. Rd1 Kc7 34. Rc1 b5 35. Be1 Kd7 36. Bb4 Rh2 37. Re1 Ra2 38. f4 a5 39. Bc5 gxf4+ 40. Kxf4 Rf2+ 41. Ke3 Rf1 42. Rxf1 Bxf1 43. Kf4 Ke6 1/2-1/2

[Event "SVK-chT4A21 1314"]
[Site "Slovakia"]
[Date "2013.10.06"]
[Round "1.1"]
[White "Pericka, Tomas"]
[Black "Blatnicky, Miroslav"]
[Result "0-1"]
[WhiteElo "1994"]
[BlackElo "2089"]
[PlyCount "102"]
[EventDate "2013.10.06"]
[EventType "team-tourn"]
[EventRounds "11"]
[EventCountry "SVK"]
[SourceTitle "EXT 2022"]
[Source "ChessBase"]
[SourceDate "2021.10.06"]
[SourceVersion "1"]
[SourceVersionDate "2021.10.06"]
[SourceQuality "1"]
[WhiteTeam "Brezova"]
[BlackTeam "Vrbove II"]
[WhiteTeamCountry "SVK"]
[BlackTeamCountry "SVK"]

1. e4 c6 2. d4 d5 3. e5 Bf5 4. Nc3 e6 5. g4 Bg6 6. Nge2 Bb4 7. h4 h6 8. Nf4 Be4 9. f3 Bh7 10. Bd3 Bxd3 11. Nxd3 Be7 12. h5 Bh4+ 13. Kf1 Nd7 14. Be3 Bg5 15. f4 Be7 16. a4 a5 17. f5 Bg5 18. Rh3 Bxe3 19. Rxe3 Qg5 20. Qf3 Ne7 21. fxe6 fxe6 22. Ke2 Rf8 23. Qg3 0-0-0 24. Rf1 Rxf1 25. Kxf1 Rf8+ 26. Rf3 g6 27. Rxf8+ Nxf8 28. Qf4 Qxf4+ 29. Nxf4 gxh5 30. Nxh5 Neg6 31. Ne2 b5 32. axb5 cxb5 33. Nf6 Kc7 34. Ng8 a4 35. c3 Kb6 36. Nc1 b4 37. cxb4 Kb5 38. Nd3 Kc4 39. Ke2 Kxd4 40. Nxh6 Nxe5 41. Nxe5 Kxe5 42. Ke3 d4+ 43. Kd3 Kd5 44. Nf7 e5 45. Ng5 Ng6 46. b5 Nf4+ 47. Kd2 Kc5 48. b6 Kxb6 49. Nf3 Ng6 50. Kd3 Kc5 51. g5 Kd5 0-1

[Event "SVK-chT2A 1112"]
[Site "Slovakia"]
[Date "2012.02.25"]
[Round "10.2"]
[White "Blatnicky, Miroslav"]
[Black "Dugovic, Branislav"]
[Result "0-1"]
[WhiteElo "2130"]
[BlackElo "2147"]
[PlyCount "50"]
[EventDate "2011.10.08"]
[EventType "team-tourn"]
[EventRounds "11"]
[EventCountry "SVK"]
[SourceTitle "EXT 2013"]
[Source "ChessBase"]
[SourceDate "2012.11.22"]
[SourceVersion "1"]
[SourceVersionDate "2012.11.22"]
[SourceQuality "1"]
[WhiteTeam "Piestany Kupele"]
[BlackTeam "Modra II"]
[WhiteTeamCountry "SVK"]
[BlackTeamCountry "SVK"]

1. d4 Nf6 2. c4 c5 3. d5 b5 4. cxb5 a6 5. e3 g6 6. Nc3 Bg7 7. bxa6 Bxa6 8. Bxa6 Rxa6 9. Nge2 0-0 10. 0-0 d6 11. e4 Nbd7 12. Bf4 Qa8 13. Qc2 Rb8 14. a4 Rb4 15. Rab1 Nb6 16. b3 c4 17. bxc4 Rxc4 18. Qd3 Nfd7 19. Be3 Ne5 20. Qd1 Nxa4 21. Nxa4 Raxa4 22. Ng3 h5 23. f3 Rc3 24. Bf2 Ra2 25. Bd4 Rd3 0-1

[Event "SVK-chT3B2 1112"]
[Site "Slovakia"]
[Date "2012.01.22"]
[Round "6.4"]
[White "Garban, Mario"]
[Black "Blatnicky, Miroslav"]
[Result "1-0"]
[WhiteElo "1994"]
[BlackElo "2130"]
[PlyCount "71"]
[EventDate "2011.10.23"]
[EventType "team-tourn"]
[EventRounds "9"]
[EventCountry "SVK"]
[SourceTitle "EXT 2013"]
[Source "ChessBase"]
[SourceDate "2012.11.22"]
[SourceVersion "1"]
[SourceVersionDate "2012.11.22"]
[SourceQuality "1"]
[WhiteTeam "Prievidza SK IV"]
[BlackTeam "Myjava Spartak"]
[WhiteTeamCountry "SVK"]
[BlackTeamCountry "SVK"]

1. e4 e6 2. d4 d5 3. Nd2 Nd7 4. c3 dxe4 5. Nxe4 Ngf6 6. Bg5 Be7 7. Qf3 Nxe4 8. Bxe7 Qxe7 9. Qxe4 c5 10. Bb5 cxd4 11. Qxd4 0-0 12. Nf3 a6 13. Bxd7 Bxd7 14. 0-0 Rfd8 15. Rfd1 Bc6 16. Qf4 Qf6 17. Qxf6 gxf6 18. Nd4 Bd5 19. f3 e5 20. Nf5 Be6 21. Nd6 Rd7 22. Ne4 Rxd1+ 23. Rxd1 f5 24. Nc5 Bxa2 25. Nd7 e4 26. fxe4 fxe4 27. Nf6+ Kg7 28. Nxe4 Bb3 29. Rd7 b6 30. Kf2 a5 31. Nd6 Be6 32. Rb7 Ra6 33. Ne8+ Kg6 34. Nc7 Bc8 35. Rb8 b5 36. Nxa6 1-0

[Event "SVK-chT2A 1112"]
[Site "Slovakia"]
[Date "2011.12.04"]
[Round "6.2"]
[White "Blatnicky, Miroslav"]
[Black "Cajka, Tibor"]
[Result "0-1"]
[WhiteElo "2130"]
[BlackElo "2140"]
[PlyCount "89"]
[EventDate "2011.10.08"]
[EventType "team-tourn"]
[EventRounds "11"]
[EventCountry "SVK"]
[SourceTitle "EXT 2013"]
[Source "ChessBase"]
[SourceDate "2012.11.22"]
[SourceVersion "1"]
[SourceVersionDate "2012.11.22"]
[SourceQuality "1"]
[WhiteTeam "Piestany Kupele"]
[BlackTeam "Osuske II"]
[WhiteTeamCountry "SVK"]
[BlackTeamCountry "SVK"]

1. d4 Nf6 2. c4 c5 3. d5 b5 4. cxb5 a6 5. e3 g6 6. Nc3 Bg7 7. bxa6 Bxa6 8. Bxa6 Nxa6 9. Nge2 0-0 10. 0-0 d6 11. e4 Qb6 12. f3 Rfb8 13. Rb1 Nd7 14. Bg5 c4+ 15. Kh1 Nb4 16. b3 cxb3 17. Rxb3 Nc5 18. Be3 Qa6 19. Bxc5 dxc5 20. Qb1 Rc8 21. a3 Nd3 22. Rb5 c4 23. a4 Qa7 24. g3 Qe3 25. Qc2 h5 26. Nd1 Qa7 27. Nec3 Nc5 28. Rb1 Nb3 29. f4 Bd4 30. Qe2 Qa5 31. Qc2 Rab8 32. h4 Bc5 33. f5 Qc7 34. Kg2 Nd4 35. Qa2 Rxb1 36. Qxb1 Rb8 37. Qc1 Kg7 38. Qg5 Qe5 39. Ne3 Nc2 40. f6+ exf6 41. Qxe5 Nxe3+ 42. Kf3 fxe5 43. Re1 Rb3 44. d6 Rxc3 45. d7 0-1

[Event "SVK-chT2A 1112"]
[Site "Slovakia"]
[Date "2011.11.05"]
[Round "3.2"]
[White "Tepper, Frantisek"]
[Black "Blatnicky, Miroslav"]
[Result "1-0"]
[WhiteElo "2163"]
[BlackElo "2130"]
[PlyCount "45"]
[EventDate "2011.10.08"]
[EventType "team-tourn"]
[EventRounds "11"]
[EventCountry "SVK"]
[SourceTitle "EXT 2013"]
[Source "ChessBase"]
[SourceDate "2012.11.22"]
[SourceVersion "1"]
[SourceVersionDate "2012.11.22"]
[SourceQuality "1"]
[WhiteTeam "Bratislava Doprastav"]
[BlackTeam "Piestany Kupele"]
[WhiteTeamCountry "SVK"]
[BlackTeamCountry "SVK"]

1. e4 e6 2. d4 d5 3. exd5 exd5 4. Bd3 Nf6 5. Nf3 Bd6 6. 0-0 Be6 7. Bg5 Nbd7 8. Re1 h6 9. Bh4 Qe7 10. c4 g5 11. Bg3 Bxg3 12. hxg3 0-0-0 13. c5 Rdg8 14. c6 Nb6 15. a4 bxc6 16. Ne5 Qd6 17. Qc2 Nc4 18. b3 Nb6 19. a5 Nbd7 20. Nxc6 Nb8 21. Nxa7+ Kd7 22. Nb5 Qc6 23. N5c3 1-0

[Event "SVK-chT3A2 1011"]
[Site "Slovakia"]
[Date "2011.04.03"]
[Round "11.1"]
[White "Blatnicky, Miroslav"]
[Black "Veselsky, Jozef"]
[Result "1/2-1/2"]
[WhiteElo "2119"]
[BlackElo "2118"]
[PlyCount "140"]
[EventDate "2010.10.17"]
[EventType "team-tourn"]
[EventRounds "11"]
[EventCountry "SVK"]
[SourceTitle "EXT 2019"]
[Source "ChessBase"]
[SourceDate "2018.10.10"]
[SourceVersion "1"]
[SourceVersionDate "2018.10.10"]
[SourceQuality "1"]
[WhiteTeam "Vrbove"]
[BlackTeam "Potonska Veza"]
[WhiteTeamCountry "SVK"]
[BlackTeamCountry "SVK"]

1. e4 c5 2. Nf3 Nc6 3. d4 cxd4 4. Nxd4 g6 5. Nc3 Bg7 6. Be3 d6 7. Qd2 Nf6 8. Be2 0-0 9. 0-0-0 a6 10. f3 Nxd4 11. Bxd4 Be6 12. g4 b5 13. g5 Nh5 14. Bxg7 Nxg7 15. Nd5 Bxd5 16. Qxd5 Rc8 17. Kb1 Ne6 18. h4 Qc7 19. Qd2 Nd4 20. c3 Nxe2 21. Qxe2 Qc4 22. Qh2 Qe6 23. h5 Rc5 24. hxg6 Qxg6 25. Rdg1 Kh8 26. Qf4 Rg8 27. Rg4 Rxg5 28. Rxg5 Qxg5 29. Qxf7 Qg7 30. Qf5 Qg6 31. Qh3 d5 32. Qh4 dxe4 33. fxe4 Qg7 34. a4 bxa4 35. Qh6 Qxh6 36. Rxh6 Kg7 37. Rxa6 h5 38. Rxa4 h4 39. Kc2 h3 40. Ra1 h2 41. Rh1 Rh8 42. Kd2 Kf6 43. Ke3 Ke5 44. Kf3 e6 45. Kg3 Kxe4 46. Rxh2 Rg8+ 47. Kf2 Kd3 48. Rh3+ Kd2 49. Kf3 Rb8 50. Rh2+ Kd3 51. Kf4 Rb5 52. Rh3+ Kc4 53. b4 Rf5+ 54. Ke4 Rg5 55. Re3 Rf5 56. Rf3 Rh5 57. Kf4 Rf5+ 58. Kg3 Rh5 59. Re3 Rf5 60. Kg2 e5 61. Rf3 Rg5+ 62. Kf2 e4 63. Rh3 Rd5 64. Ke2 Rg5 65. Ke3 Rg4 66. Rh8 Kxc3 67. b5 Rg6 68. Rb8 Kc4 69. b6 Kb5 70. b7 Kb6 1/2-1/2

[Event "SVK-chT3A2 1011"]
[Site "Slovakia"]
[Date "2011.02.13"]
[Round "8.1"]
[White "Pribila, Gerhart"]
[Black "Blatnicky, Miroslav"]
[Result "1/2-1/2"]
[WhiteElo "2032"]
[BlackElo "2119"]
[PlyCount "35"]
[EventDate "2010.10.17"]
[EventType "team-tourn"]
[EventRounds "11"]
[EventCountry "SVK"]
[SourceTitle "EXT 2019"]
[Source "ChessBase"]
[SourceDate "2018.10.10"]
[SourceVersion "1"]
[SourceVersionDate "2018.10.10"]
[SourceQuality "1"]
[WhiteTeam "Gbely Nafta"]
[BlackTeam "Vrbove"]
[WhiteTeamCountry "SVK"]
[BlackTeamCountry "SVK"]

1. e4 Nc6 2. d4 e5 3. Nf3 exd4 4. Nxd4 Qf6 5. Nxc6 dxc6 6. Nc3 Be6 7. Qf3 Bb4 8. Qxf6 Nxf6 9. Bd2 0-0-0 10. f3 Rd7 11. 0-0-0 Rhd8 12. Bd3 c5 13. a3 Ba5 14. Nb1 Bb6 15. Be2 c4 16. Bg5 h6 17. Rxd7 Rxd7 18. Bd2 1/2-1/2

[Event "SVK-chT3A2 1011"]
[Site "Slovakia"]
[Date "2011.01.30"]
[Round "7.1"]
[White "Blatnicky, Miroslav"]
[Black "Abel, Peter"]
[Result "0-1"]
[WhiteElo "2119"]
[BlackElo "2172"]
[PlyCount "182"]
[EventDate "2010.10.17"]
[EventType "team-tourn"]
[EventRounds "11"]
[EventCountry "SVK"]
[SourceTitle "EXT 2012"]
[Source "ChessBase"]
[SourceDate "2011.11.24"]
[SourceVersion "1"]
[SourceVersionDate "2011.11.24"]
[SourceQuality "1"]
[WhiteTeam "Vrbove"]
[BlackTeam "Piestany Kupele II"]
[WhiteTeamCountry "SVK"]
[BlackTeamCountry "SVK"]

1. e4 Nf6 2. e5 Nd5 3. d4 d6 4. c4 Nb6 5. exd6 cxd6 6. Nc3 g6 7. Be3 Bg7 8. Bd3 0-0 9. Nge2 Nc6 10. a3 Bg4 11. f3 Bf5 12. b4 d5 13. c5 Bxd3 14. Qxd3 Nc4 15. f4 Nxe3 16. Qxe3 e6 17. 0-0 a6 18. Rab1 Qf6 19. Rfd1 h5 20. Na4 Rac8 21. Nb6 Rc7 22. a4 Rd8 23. b5 axb5 24. axb5 Ne7 25. Qe5 Qxe5 26. fxe5 f6 27. exf6 Bxf6 28. Ra1 Nf5 29. Ra8 Rxa8 30. Nxa8 Rc8 31. Nb6 Rc7 32. Rd3 Kf7 33. Kf2 Ne7 34. Rf3 Nf5 35. Ke1 Kg7 36. Rd3 Bg5 37. Ng1 Bf6 38. Ne2 Bg5 39. g3 h4 40. gxh4 Nxh4 41. Ra3 Rf7 42. Ra7 Ng2+ 43. Kd1 Ne3+ 44. Kd2 Nc4+ 45. Kd3 Nxb6 46. cxb6 Bd8 47. Ra8 Bxb6 48. Re8 Rf3+ 49. Kc2 Re3 50. Re7+ Kf6 51. Rxb7 Rxe2+ 52. Kd3 Rxh2 53. Rxb6 Rh3+ 54. Kd2 Rh8 55. Rb7 g5 56. b6 g4 57. Ke3 Rh3+ 58. Ke2 Rb3 59. Rb8 Kf5 60. b7 Ke4 61. Rg8 Rb2+ 62. Kd1 Rxb7 63. Rxg4+ Kd3 64. Kc1 Rc7+ 65. Kd1 Rh7 66. Ke1 Rh3 67. Kf2 Re3 68. Rg1 Kxd4 69. Ra1 Rc3 70. Ra4+ Rc4 71. Ra2 e5 72. Ke2 Ke4 73. Kd2 Rc8 74. Ra3 d4 75. Rh3 Rf8 76. Rh4+ Kd5 77. Rh5 Rf2+ 78. Kd3 Rf3+ 79. Kd2 Re3 80. Rh8 Rg3 81. Rh5 Ke4 82. Rh4+ Kf5 83. Rh5+ Kf4 84. Rh4+ Rg4 85. Rh2 e4 86. Rf2+ Ke5 87. Rh2 Kd5 88. Ke1 Rg1+ 89. Kd2 Kc4 90. Kc2 e3 91. Kb2 Rf1 0-1

[Event "SVK-chT3A2 1011"]
[Site "Slovakia"]
[Date "2010.11.28"]
[Round "4.1"]
[White "Janko, Michal"]
[Black "Blatnicky, Miroslav"]
[Result "0-1"]
[WhiteElo "2274"]
[BlackElo "2119"]
[PlyCount "80"]
[EventDate "2010.10.17"]
[EventType "team-tourn"]
[EventRounds "11"]
[EventCountry "SVK"]
[SourceTitle "EXT 2012"]
[Source "ChessBase"]
[SourceDate "2011.11.24"]
[SourceVersion "1"]
[SourceVersionDate "2011.11.24"]
[SourceQuality "1"]
[WhiteTeam "Gabcikovo Russel"]
[BlackTeam "Vrbove"]
[WhiteTeamCountry "SVK"]
[BlackTeamCountry "SVK"]

1. b3 d5 2. Bb2 c5 3. e3 Nc6 4. f4 d4 5. Nf3 dxe3 6. dxe3 Qxd1+ 7. Kxd1 Bf5 8. Bd3 Rd8 9. Ke2 Bxd3+ 10. cxd3 Nb4 11. Ne1 Nf6 12. Rg1 g6 13. Nc3 Bg7 14. Nb5 a6 15. Na3 0-0 16. Nc4 b5 17. Na5 Rd6 18. a3 Nbd5 19. Kf3 Nd7 20. Bxg7 Kxg7 21. Rc1 f5 22. g3 e5 23. Rg2 Re8 24. e4 fxe4+ 25. dxe4 N5f6 26. Nb7 Rd4 27. Nxc5 exf4 28. Nxd7 Rxd7 29. gxf4 Nxe4 30. b4 Nd2+ 31. Kg4 h5+ 32. Kh3 Nc4 33. a4 Re3+ 34. Rg3 Rd4 35. Nc2 Rxg3+ 36. hxg3 Rd2 37. axb5 axb5 38. Ne1 Rb2 39. Nd3 Rb3 40. Rd1 Kf6 0-1

[Event "Brezova op"]
[Site "Brezova pod Bradlom"]
[Date "2010.08.25"]
[Round "5"]
[White "Janke, Georg"]
[Black "Blatnicky, Miroslav"]
[Result "0-1"]
[WhiteElo "1785"]
[BlackElo "2119"]
[PlyCount "46"]
[EventDate "2010.08.22"]
[EventType "swiss"]
[EventRounds "9"]
[EventCountry "SVK"]
[SourceTitle "CBM 138 Extra"]
[Source "ChessBase"]
[SourceDate "2010.10.29"]
[SourceVersion "1"]
[SourceVersionDate "2010.10.29"]
[SourceQuality "1"]

1. d4 e6 2. Nf3 d5 3. e3 c5 4. c3 Nc6 5. Bd3 Nf6 6. Nbd2 cxd4 7. exd4 Bd6 8. 0-0 0-0 9. Re1 Qc7 10. Nf1 e5 11. dxe5 Nxe5 12. Nxe5 Bxe5 13. h3 Re8 14. Bg5 Bd7 15. Qf3 Bc6 16. Qd1 h6 17. Bh4 Ne4 18. Bxe4 dxe4 19. Bg3 Bxg3 20. Nxg3 e3 21. Nf5 exf2+ 22. Kxf2 Qf4+ 23. Kg1 Qxf5 0-1